<?xml version="1.0" encoding="UTF-8"?>
<collection xmlns="http://www.loc.gov/MARC21/slim">
    <record>
        <controlfield tag="001">56947</controlfield>
        <controlfield tag="005">20161027084149.0</controlfield>
        <datafield tag="037" ind1=" " ind2=" ">
            <subfield code="a">TAZ-TFG-2016-3197</subfield>
        </datafield>
        <datafield tag="041" ind1=" " ind2=" ">
            <subfield code="a">spa</subfield>
        </datafield>
        <datafield tag="100" ind1="1" ind2=" ">
            <subfield code="a">Vivancos Zapater, Susana</subfield>
        </datafield>
        <datafield tag="242" ind1="0" ind2="0">
            <subfield code="a">Latest advances in the diagnosis and treatment of canine pancreatitis</subfield>
        </datafield>
        <datafield tag="245" ind1="0" ind2="0">
            <subfield code="a">Últimos avances en el diagnóstico y el tratamiento de la pancreatitis en el perro</subfield>
        </datafield>
        <datafield tag="260" ind1=" " ind2=" ">
            <subfield code="a">Zaragoza</subfield>
            <subfield code="b">Universidad de Zaragoza</subfield>
            <subfield code="c">2016</subfield>
        </datafield>
        <datafield tag="500" ind1=" " ind2=" ">
            <subfield code="a">This dissertation aims at analising recent literature about canine pancreatitis and a search of topical articles concerning its diagnosis and treatment. At the same time, the information obtained has been compared with clinical cases of pancreatitis visited in the Veterinary Clinic Hospital of the University of Zaragozam wich were provided by the tutor. Pancreatitis is a pathology with a complicated diagnosis, and as there's are not specific markers with enough sensitivity to detect it in a reiable way, we have to base the diagnosis on biochemical analysis of parameters as TLI’s and Lipase, complemented with ultrasounds. In recent years, major advances in new diagnostic techniques that habe been developed will be discussed in this paper.  On the other hand, another challenge that the veterinary doctor faces pancreatitis, is the treatment. A few years ago, it fasting was recommended to pancreatitis's patients, however, in the lastest studies it has been considered the option of establishing enteral nutrition as soon as possible. 	 For these reasons, the main objective of this dissertation is to obtain information in order to value and update the diagnosis and treatment possibilities of canine pancreatitis. At the same time, it aims at showing  the complicated management of that  disease presents through a description and discussion of several cases.</subfield>
        </datafield>
        <datafield tag="506" ind1=" " ind2=" ">
            <subfield code="a">by-nc-sa</subfield>
            <subfield code="b">Creative Commons</subfield>
            <subfield code="c">3.0</subfield>
            <subfield code="u">http://creativecommons.org/licenses/by-nc-sa/3.0/</subfield>
        </datafield>
        <datafield tag="520" ind1=" " ind2=" ">
            <subfield code="a">Este Trabajo de Fin de Grado va a consistir en una revisión bibliográfica sobre la pancreatitis en la especie canina, y en una búsqueda de artículos actuales sobre el manejo diagnóstico y terapéutico la misma. A su vez, la información obtenida se contrastará con casos clínicos de pancreatitis visitados en el Hospital Clínico Veterinario de la Universidad de Zaragoza proporcionados por el director. La pancreatitis se trata de una patología de complicado diagnóstico y, puesto que no existen marcadores específicos con suficiente sensibilidad para detectarla con gran fiabilidad, nos tenemos que basar en análisis bioquímicos de parámetros como los TLIs y la Lipasa, complementados con la ecografía. Estos últimos años se han conseguido importantes avances en cuanto a nuevas técnicas diagnósticas, que serán comentadas en el presente trabajo.  Por otro lado, otro reto al cual se enfrenta el clínico veterinario con la pancreatitis, es el tratamiento. Hace unos años, se recomendaba el ayuno de los pacientes, sin embargo, en los últimos estudios, se ha valorado la posibilidad de instaurar la nutrición enteral lo más temprano posible. Por estas razones, el principal cometido de este trabajo es obtener información para valorar y actualizar las posibilidades diagnósticas y de tratamiento de la pancreatitis en el perro. Y a su vez mostrar la realidad que presenta esta enfermedad a la hora de manejarla mediante la descripción y discusión de varios casos.</subfield>
        </datafield>
        <datafield tag="521" ind1=" " ind2=" ">
            <subfield code="a">Graduado en Veterinaria</subfield>
        </datafield>
        <datafield tag="540" ind1=" " ind2=" ">
            <subfield code="a">Derechos regulados por licencia Creative Commons</subfield>
        </datafield>
        <datafield tag="700" ind1=" " ind2=" ">
            <subfield code="a">Gascón Pérez, Faustino Manuel</subfield>
            <subfield code="e">dir.</subfield>
        </datafield>
        <datafield tag="710" ind1="2" ind2=" ">
            <subfield code="a">Universidad de Zaragoza</subfield>
            <subfield code="b">Patología Animal</subfield>
            <subfield code="c">Medicina y Cirugía Animal</subfield>
        </datafield>
        <datafield tag="856" ind1="0" ind2=" ">
            <subfield code="f">651326@celes.unizar.es</subfield>
        </datafield>
        <datafield tag="856" ind1="4" ind2=" ">
            <subfield code="s">775161</subfield>
            <subfield code="u">http://zaguan.unizar.es/record/56947/files/TAZ-TFG-2016-3197.pdf</subfield>
            <subfield code="y">Memoria (spa)</subfield>
        </datafield>
        <datafield tag="909" ind1="C" ind2="O">
            <subfield code="o">oai:zaguan.unizar.es:56947</subfield>
            <subfield code="p">driver</subfield>
            <subfield code="p">trabajos-fin-grado</subfield>
        </datafield>
        <datafield tag="950" ind1=" " ind2=" ">
            <subfield code="a"></subfield>
        </datafield>
        <datafield tag="951" ind1=" " ind2=" ">
            <subfield code="a">deposita:2016-10-26</subfield>
        </datafield>
        <datafield tag="980" ind1=" " ind2=" ">
            <subfield code="a">TAZ</subfield>
            <subfield code="b">TFG</subfield>
            <subfield code="c">VET</subfield>
        </datafield>
    </record>

    
</collection>